000 00403nam a22001697a 4500
005 20160429145108.0
008 160429b xxu||||| |||| 00| 0 eng d
020 _a817188444-X
041 _aeng
082 _b00926
100 _aSchool land Ken
_9264
245 _aA Free Market odyssey
260 _aNew Delhi
_bAcademic Faundation
_c2005
300 _a255
650 _aManagement
_9241
942 _cBK
999 _c304
_d304